Guía de Plomería domestica / (Record no. 7231)

000 -CABECERA
fixed length control field 00992nam a22002057a 4500
003 - IDENTIFICADOR DEL NÚMERO DE CONTROL
control field AR-CdUCM
008 - DATOS DE LONGITUD FIJA--INFORMACIÓN GENERAL
fixed length control field 190320b ||||| |||| 00| 0 spa d
040 ## - FUENTE DE LA CATALOGACIÓN
Agencia/entidad que catalogó originalmente la obra MUNICIPALIDAD PROVINCIAL DEL CUSCO
Entidad que transcribió la catalogación BIBLIOTECA MUNICIPAL DEL CUSCO
082 ## - NÚMERO DE LA CLASIFICACIÓN DECIMAL DEWEY
No. de Clasificación 696 /
Notacion interna H11
100 ## - ENTRADA PRINCIPAL--NOMBRE DE PERSONA
Nombre Personal Haan , Enno R.
245 ## - MENCIÓN DE TÍTULO
Título Guía de Plomería domestica /
260 ## - PUBLICACIÓN, DISTRIBUCIÓN, ETC.
Lugar de publicación, distribución, etc. México :
Nombre de la editorial, distribuidor, etc. UTEHA ,
Fecha de publicación, distribución, etc. 1967.
300 ## - DESCRIPCIÓN FÍSICA
Nº de Páginas Extensión 297 páginas ;
Dimensiones 23 cm.
505 ## - NOTA DE CONTENIDO CON FORMATO
Nota de contenido formateada Contenido : Plomeria Doméstica Moderna --Herramientas de Plomería y su empleo -- Datos Relativos a los tubos -- Guías para los Proyectos -- El sistema de desagüe Doméstico -- Eliminación provada de desperdicios y aguas negras -- Transtornos en el desagüe. Causas y Remedios -- Instalación de la tubería de abastecimientos y distribución e agua a la casa -- Suministro privado de agua -- Válvulas y grifos...
650 ## - PUNTO DE ACCESO ADICIONAL DE MATERIA--TÉRMINO DE MATERIA
Descriptor Gasfiteria
9 (RLIN) 20379
650 ## - PUNTO DE ACCESO ADICIONAL DE MATERIA--TÉRMINO DE MATERIA
Descriptor Plomeria
9 (RLIN) 20380
650 ## - PUNTO DE ACCESO ADICIONAL DE MATERIA--TÉRMINO DE MATERIA
Descriptor Oficio Domestico
9 (RLIN) 20381
942 ## - ELEMENTOS DE PUNTO DE ACCESO ADICIONAL (KOHA)
Fuente de clasificación
Tipo de item Libros-BMC
945 ## - PROCESAMIENTO DE INFORMACIÓN LOCAL (OCLC)
Catalogador rtm
Holdings
Estado de retiro (separado) Fuente de clasificación o esquema de estanterías Estado dañado Ubicación Sala donde se ubica Nombre de la colección Fecha de adquisición o compra Costo, precio normal en soles Signatura topográfica Código de Barras Última vez visto (Koha) Tipo de ítem (Koha)
No     Sala Ciencias Sala Ciencias Book Cart 2019-03-20 10.00 696 / H11 SC0000000237 2019-03-20 Libros-BMC

Powered by Koha